000
00299nam a2200109Ia 4500
001
1268583
005
20260417145253.0
008
260417s9999 xx 000 0 und d
020
_a
9772149467977
245
0
_a
Zehir Gibi Kafalar Volkanlar Neden Uyanıyor
_c
Federico Taddia
260
_b
Ketebe Çocuk
999
_c
1268583
_d
1268583